| 000 | 00609nam a22001935i 4500 | ||
|---|---|---|---|
| 001 | 162061 | ||
| 003 | ES-MaACL | ||
| 005 | 20230906212423.0 | ||
| 008 | 940301s1895 sp |||| | spa d | ||
| 040 |
_aCAM _bspa |
||
| 100 | 1 |
_aPicón, Jacinto Octavio, _d1852-1923 _991875 |
|
| 245 | 1 | 0 |
_aCuentos de mi tiempo / _cJacinto Octavio Picon. |
| 260 |
_aMadrid : _b[s.n.], _c1895 ( _fFortanet) |
||
| 300 |
_aXV, 282 p. ; _c19 cm. |
||
| 490 | 1 |
_aLibreria selecta ; _v794 |
|
| 830 | 0 |
_aLibreria selecta ; _v794 _9222168 |
|
| 852 |
_aES-MaACL _jB-4171 _z-- Enc. pasta española |
||
| 999 |
_c162061 _d162061 |
||